[Event "Youth Classic 2018 - Youth Open U14"]
[Site "Bad Soden-Neuenhain, Bürgerhau"]
[Date "2018.10.03"]
[Round "9.6"]
[White "Markosyan, Aleksandr"]
[Black "Haller, Andreas"]
[Result "1-0"]
[WhiteElo "1559"]
[BlackElo "1185"]
[PlyCount "101"]
[EventDate "2018.??.??"]
[WhiteTeam "SG Idstein"]
[BlackTeam "SC Bad Soden"]

1. e4 e5 2. Nf3 Nc6 3. Bb5 Nf6 4. d3 h6 5. Bxc6 dxc6 6. Nxe5 Bc5 7. O-O O-O 8.
c3 Re8 9. Nf3 Bg4 10. Re1 Qd7 11. d4 Bb6 12. Nbd2 c5 13. d5 c6 14. c4 cxd5 15.
cxd5 Qe7 16. h3 Bh5 17. b3 Bc7 18. Bb2 Bf4 19. Bxf6 Qxf6 20. Nc4 Re7 21. g4 Bg6
22. e5 Qa6 23. Nh4 Rae8 24. Nf3 f6 25. e6 Rd8 26. Nh4 Bh7 27. Qf3 Bg5 28. Nf5
Bxf5 29. Qxf5 b5 30. Ne3 Qd6 31. Rad1 Bf4 32. Qd3 Bh2+ 33. Kg2 Bf4 34. Nf5 Qc7
35. Nxe7+ Qxe7 36. Qxb5 Qd6 37. Re4 g5 38. Qe2 Qe7 39. Ra4 Bb8 40. Qd3 Rd6 41.
Ra6 Rxa6 42. Qxa6 Bd6 43. Qd3 Kg7 44. Rc1 a5 45. Rc4 Qd8 46. Re4 f5 47. gxf5
Qf6 48. Ra4 Qd8 49. Qc3+ Kg8 50. f6 Kf8 51. e7+ 1-0

[Event "Youth Classic 2018 - Youth Open U14"]
[Site "Bad Soden-Neuenhain, Bürgerhau"]
[Date "2018.10.03"]
[Round "9.7"]
[White "Abou Wally, Adrian"]
[Black "Hery, Bastian"]
[Result "0-1"]
[WhiteElo "1313"]
[BlackElo "1096"]
[PlyCount "32"]
[EventDate "2018.??.??"]
[WhiteTeam "SV Schott Jena"]
[BlackTeam "Vorw.Orient Mainz"]

1. e4 e5 2. Nf3 Nc6 3. Bc4 Bc5 4. c3 Nf6 5. d3 O-O 6. O-O d5 7. exd5 Nxd5 8.
Re1 Re8 9. Qb3 Na5 10. Qb5 b6 11. Rxe5 c6 12. Rxe8+ Qxe8 13. Qa4 Qe2 14. Bxd5
Bxf2+ 15. Kh1 Qf1+ 16. Ng1 Qxg1# 0-1

[Event "Youth Classic 2018 - Youth Open U14"]
[Site "Bad Soden-Neuenhain, Bürgerhau"]
[Date "2018.10.03"]
[Round "9.8"]
[White "Burkart, Lloyd Shang"]
[Black "Goetz, Fenja"]
[Result "0-1"]
[WhiteElo "1157"]
[BlackElo "1343"]
[PlyCount "95"]
[EventDate "2018.??.??"]
[WhiteTeam "TuS Makkabi"]
[BlackTeam "SK Bad Homburg"]

1. d4 d5 2. c4 e6 3. Nc3 Nf6 4. Nf3 c5 5. Bf4 Bd6 6. Bxd6 Qxd6 7. e3 O-O 8. Bd3
Nc6 9. O-O b6 10. Rc1 Nb4 11. dxc5 bxc5 12. Bb1 Rd8 13. a3 Nc6 14. cxd5 exd5
15. Qd3 Na5 16. Ba2 Ba6 17. Nb5 Qb6 18. a4 c4 19. Qd4 Qb7 20. Rfd1 Bxb5 21.
axb5 Qxb5 22. Qc3 Rab8 23. Rc2 a6 24. Nd4 Qa4 25. Bb1 Ne4 26. Qa3 Qxa3 27. bxa3
Rb6 28. f3 Nf6 29. Ba2 Re8 30. Kf2 Nc6 31. Rcd2 Ne5 32. Bb1 Reb8 33. Bf5 Rb2
34. Bc2 Kf8 35. Kg3 Ra2 36. a4 Rbb2 37. Re1 Nd3 38. Ree2 Nb4 39. Kf2 c3 40. Rd1
Nxc2 41. Nxc2 Rxc2 42. Rxc2 Rxc2+ 43. Kg3 Ke7 44. f4 Rd2 45. Rc1 c2 46. f5 Ne4+
47. Kf3 Nc5 48. e4 0-1

[Event "Youth Classic 2018 - Youth Open U14"]
[Site "Bad Soden-Neuenhain, Bürgerhau"]
[Date "2018.10.03"]
[Round "9.9"]
[White "Wisniewski, Niklas Lorenz"]
[Black "Akhmatovski, Maxim"]
[Result "0-1"]
[WhiteElo "977"]
[BlackElo "1056"]
[PlyCount "60"]
[EventDate "2018.??.??"]
[WhiteTeam "SC Bad Soden"]
[BlackTeam "SV Oberursel"]

1. d4 Nf6 2. Bf4 g6 3. Nf3 Bg7 4. c3 O-O 5. Nbd2 d5 6. e3 Nbd7 7. Be2 c5 8. c4
a6 9. Ne5 e6 10. Nxd7 Nxd7 11. Nb3 dxc4 12. Bxc4 b5 13. Be2 c4 14. Nd2 e5 15.
Bxe5 Nxe5 16. dxe5 Bxe5 17. Rb1 Bb7 18. O-O Qg5 19. g3 Qf6 20. Bf3 Bxf3 21.
Qxf3 Bxb2 22. Qxf6 Bxf6 23. Rbd1 Rfd8 24. Ne4 Bg7 25. Nc5 Rxd1 26. Rxd1 a5 27.
Rb1 b4 28. Rc1 c3 29. Kf1 Rc8 30. Nb7 c2 0-1

[Event "Youth Classic 2018 - Youth Open U14"]
[Site "Bad Soden-Neuenhain, Bürgerhau"]
[Date "2018.10.03"]
[Round "9.10"]
[White "Richter, Tim"]
[Black "Riemann, Adrian"]
[Result "1-0"]
[WhiteElo "1115"]
[BlackElo "933"]
[PlyCount "115"]
[EventDate "2018.??.??"]
[WhiteTeam "SF Heidesheim"]
[BlackTeam "SK Bickenbach"]

1. d4 e6 2. Bf4 d5 3. Nf3 c5 4. c3 Nc6 5. e3 Qb6 6. Qb3 Qxb3 7. axb3 cxd4 8.
exd4 Nf6 9. h3 Be7 10. Bd3 Ne4 11. Nbd2 Nxd2 12. Nxd2 b6 13. O-O a5 14. Nf3 Ba6
15. Bxa6 Rxa6 16. Ne5 Bd6 17. Rfe1 Nxe5 18. Bxe5 Bxe5 19. Rxe5 O-O 20. Rc1 b5
21. Re2 a4 22. bxa4 bxa4 23. c4 dxc4 24. Rxc4 a3 25. bxa3 Rxa3 26. Rc1 g6 27.
Rd1 Rd8 28. Kf1 Ra5 29. f4 Rad5 30. Red2 f6 31. Ke2 e5 32. dxe5 Rxd2+ 33. Rxd2
Rxd2+ 34. Kxd2 f5 35. Kd3 Kf7 36. Kd4 Ke6 37. g4 h5 38. g5 h4 39. Kc4 Kd7 40.
Kd5 Ke7 41. Kc5 Ke6 42. Kc6 Ke7 43. Kc7 Ke6 44. Kd8 Kd5 45. Kd7 Ke4 46. e6 Kxf4
47. e7 Kxg5 48. e8=Q f4 49. Qe2 Kf5 50. Qg4+ Ke4 51. Qxh4 Ke3 52. Qe1+ Kf3 53.
Qf1+ Kg3 54. Kd6 f3 55. Ke5 g5 56. Ke4 g4 57. hxg4 Kxg4 58. Qxf3+ 1-0

[Event "Youth Classic 2018 - Youth Open U14"]
[Site "Bad Soden-Neuenhain, Bürgerhau"]
[Date "2018.10.03"]
[Round "9.11"]
[White "Tryfon, Konstantin"]
[Black "Gärtner, Johannes"]
[Result "1-0"]
[WhiteElo "1159"]
[BlackElo "1071"]
[PlyCount "57"]
[EventDate "2018.??.??"]
[WhiteTeam "SV Hofheim"]
[BlackTeam "SF Heidesheim"]

1. e4 e6 2. d4 d5 3. e5 c5 4. c3 Qb6 5. g3 Nc6 6. Nf3 cxd4 7. cxd4 Bb4+ 8. Nc3
Nge7 9. Bg2 Nf5 10. Be3 Nxe3 11. fxe3 O-O 12. O-O Bd7 13. Na4 Qa5 14. a3 Be7
15. Nc3 a6 16. Qb3 b5 17. e4 dxe4 18. Nxe4 Qb6 19. Qd3 f6 20. Kh1 Rad8 21. Qc3
fxe5 22. dxe5 Rf5 23. Rad1 Qb8 24. Rxd7 Rxd7 25. Qxc6 Qb7 26. Qxe6+ Rf7 27.
Nfg5 Bxg5 28. Qe8+ Rf8 29. Qxf8# 1-0

[Event "Youth Classic 2018 - Youth Open U14"]
[Site "Bad Soden-Neuenhain, Bürgerhau"]
[Date "2018.10.03"]
[Round "9.12"]
[White "Czinkota, Michael"]
[Black "Tobias, Karolin"]
[Result "1-0"]
[WhiteElo "1267"]
[BlackElo "910"]
[PlyCount "131"]
[EventDate "2018.??.??"]
[WhiteTeam "SC Bad Soden"]
[BlackTeam "SV Oberursel"]

1. e4 e5 2. Nf3 Nc6 3. Bc4 Bc5 4. c3 Nf6 5. d3 d6 6. Bb3 Bg4 7. h3 Bh5 8. Nbd2
d5 9. exd5 Nxd5 10. Ne4 Bd6 11. Bxd5 O-O 12. Ng3 Bg6 13. O-O Ne7 14. Bb3 Nf5
15. Nxf5 Bxf5 16. Re1 Qf6 17. Bg5 Qg6 18. Qd2 h6 19. Nh4 Qh5 20. Bd1 Qxg5 21.
Qxg5 hxg5 22. Nxf5 Rfe8 23. Bb3 Kh7 24. Nxd6 cxd6 25. Bxf7 Rf8 26. Bd5 Rh8 27.
Bxb7 Raf8 28. Be4+ Kg8 29. Re3 Rf4 30. Rg3 Rh5 31. Re1 Kf7 32. Ree3 Kf6 33.
Ref3 Rxf3 34. Rxf3+ Ke6 35. c4 Rh8 36. Rf5 g6 37. Rxg5 Rb8 38. Rxg6+ Kf7 39.
Rxd6 Rxb2 40. Ra6 Rb1+ 41. Kh2 Rf1 42. Rxa7+ Kf6 43. Kg3 Kg5 44. a4 Kf6 45. a5
Ke6 46. Rc7 Kd6 47. Rc8 Kd7 48. Rc5 Kd6 49. Rb5 Kc7 50. a6 Ra1 51. Bb7 Kb8 52.
h4 Ka7 53. h5 Rh1 54. Kg4 Rh2 55. Kg5 Rh1 56. h6 Rxh6 57. Kxh6 e4 58. dxe4 Kb8
59. Kg6 Ka7 60. e5 Kb8 61. e6 Ka7 62. e7 Kb8 63. e8=Q+ Kc7 64. Qc6+ Kd8 65.
Qd6+ Ke8 66. Bc6# 1-0

[Event "Youth Classic 2018 - Youth Open U14"]
[Site "Bad Soden-Neuenhain, Bürgerhau"]
[Date "2018.10.03"]
[Round "9.14"]
[White "Gold, Jan Christian"]
[Black "Mader, Fabian"]
[Result "1-0"]
[WhiteElo "831"]
[BlackElo "1204"]
[PlyCount "166"]
[EventDate "2018.??.??"]
[WhiteTeam "SK Bad Homburg"]
[BlackTeam "VfR-SC Koblenz"]

1. d4 Nf6 2. c4 g6 3. Nc3 d5 4. Bf4 Bg7 5. Nf3 c5 6. dxc5 Qa5 7. e3 dxc4 8.
Qa4+ Qxa4 9. Nxa4 Ne4 10. Bxc4 Bd7 11. Bd5 Bc6 12. Bxc6+ Nxc6 13. Rc1 Nb4 14.
Rc4 Nd3+ 15. Ke2 Nxf4+ 16. exf4 Nf6 17. Rb4 Rb8 18. c6 b6 19. Rd1 O-O 20. Ne5
Rbc8 21. Nc3 Bh6 22. g3 Bg7 23. Nb5 a5 24. Rc4 h5 25. c7 Ra8 26. Nc6 Ne8 27.
Rd7 Kh8 28. Rd8 Nxc7 29. Rxf8+ Rxf8 30. Nxc7 Bf6 31. Nd5 Bxb2 32. Nxb6 Re8 33.
Nxa5 e5 34. Re4 Bd4 35. Nd7 Kg7 36. fxe5 Bxe5 37. Rxe5 Rd8 38. Nb6 Rb8 39. Rb5
Re8+ 40. Kf3 Rd8 41. Ke3 Re8+ 42. Kf3 Rd8 43. Rd5 Rb8 44. Rd6 Re8 45. Nc6 Re1
46. a4 Ra1 47. a5 Ra3+ 48. Kg2 Rb3 49. Nc4 Rc3 50. N4e5 Ra3 51. Nd7 Ra2 52.
Ndb8 Ra4 53. a6 Ra1 54. a7 Ra2 55. Nd7 Ra6 56. Ndb8 Ra2 57. Rd7 Ra1 58. Ne5 Ra4
59. Rc7 Ra5 60. Ned7 Ra2 61. Nb6 Rb2 62. N8d7 Ra2 63. Nc5 Rb2 64. Nca4 Ra2 65.
a8=Q Re2 66. Nc3 h4 67. Nxe2 Kf6 68. Qc6+ Kg7 69. Nd7 hxg3 70. Qf6+ Kh6 71. Nf8
gxf2 72. Kxf2 Kh5 73. Ng3+ Kh6 74. Qxf7 Kg5 75. Qxg6+ Kf4 76. Nh5+ Ke5 77. Qe6+
Kd4 78. Rd7+ Kc5 79. Nf4 Kb5 80. Rd1 Kc5 81. Qc8+ Kb6 82. Qc2 Ka5 83. Rb1 Ka6
1-0

[Event "Youth Classic 2018 - Youth Open U14"]
[Site "Bad Soden-Neuenhain, Bürgerhau"]
[Date "2018.10.03"]
[Round "9.15"]
[White "Coskun, Eray"]
[Black "Seemann, Max"]
[Result "0-1"]
[WhiteElo "1015"]
[BlackElo "1060"]
[PlyCount "46"]
[EventDate "2018.??.??"]
[WhiteTeam "SC Flörsheim"]
[BlackTeam "SG Idstein"]

1. e4 e5 2. Nf3 Nc6 3. Bc4 Bc5 4. O-O Nf6 5. d3 d6 6. h3 Be6 7. Bb3 O-O 8. Nc3
h6 9. Be3 Bb6 10. Ne2 d5 11. Ng3 Qd7 12. Nh4 dxe4 13. dxe4 Ne7 14. Qxd7 Bxd7
15. Rad1 Rad8 16. Nhf5 Nxf5 17. Nxf5 Nxe4 18. Bd5 Bxf5 19. Bxe4 Bxe4 20. Bxb6
axb6 21. Rxd8 Rxd8 22. Re1 Bxc2 23. Rxe5 Ba4 0-1

[Event "Youth Classic 2018 - Youth Open U14"]
[Site "Bad Soden-Neuenhain, Bürgerhau"]
[Date "2018.10.03"]
[Round "9.16"]
[White "Haller, Christian"]
[Black "Politoukhin, Nikolaj"]
[Result "1-0"]
[WhiteElo "1160"]
[BlackElo "982"]
[PlyCount "55"]
[EventDate "2018.??.??"]
[WhiteTeam "SC Bad Soden"]
[BlackTeam "SC Flörsheim"]

1. e4 d5 2. exd5 Qxd5 3. Nc3 Qa5 4. Nf3 Bg4 5. Bc4 Nf6 6. d3 e5 7. a3 c6 8. Bd2
Nbd7 9. h3 Bh5 10. g4 Bg6 11. Qe2 Qc7 12. Bf4 Bd6 13. d4 O-O-O 14. dxe5 Nxe5
15. Nxe5 Rhe8 16. O-O-O Bxe5 17. Rxd8+ Kxd8 18. Bxe5 Rxe5 19. Qd2+ Qd7 20.
Qxd7+ Kxd7 21. Rg1 b5 22. Bb3 Nd5 23. Nxd5 cxd5 24. f4 Re2 25. f5 Bxf5 26. gxf5
Rh2 27. Bxd5 Ke7 28. Rxg7 1-0

[Event "Youth Classic 2018 - Youth Open U14"]
[Site "Bad Soden-Neuenhain, Bürgerhau"]
[Date "2018.10.03"]
[Round "9.18"]
[White "Welker, Alexandra"]
[Black "Wolf, Jonathan"]
[Result "1-0"]
[WhiteElo "1308"]
[BlackElo "842"]
[PlyCount "63"]
[EventDate "2018.??.??"]
[WhiteTeam "TuS Makkabi"]
[BlackTeam "SV Frankfurt Nord"]

1. e4 c6 2. d4 d5 3. exd5 cxd5 4. Nc3 Bf5 5. Nf3 e6 6. Bb5+ Nd7 7. Ne5 Ngf6 8.
Bg5 Be7 9. Bxf6 gxf6 10. Nxd7 e5 11. Nxe5+ Kf8 12. Nf3 Bb4 13. Bd3 Bg6 14. Bxg6
fxg6 15. Qd3 Qd6 16. O-O Re8 17. a3 Bxc3 18. Qxc3 b6 19. Rfe1 Kf7 20. Rxe8 Rxe8
21. Re1 Rxe1+ 22. Nxe1 Qf4 23. Qe3 Qg4 24. f3 Qc8 25. c3 Qc4 26. Nd3 f5 27.
Ne5+ Kf6 28. Nxc4 dxc4 29. Qe5+ Kg5 30. Qe7+ Kh6 31. Qxa7 b5 32. Qc5 1-0

[Event "Youth Classic 2018 - Youth Open U14"]
[Site "Bad Soden-Neuenhain, Bürgerhau"]
[Date "2018.10.03"]
[Round "9.21"]
[White "Li, Toplink"]
[Black "Nastassine, Alexey"]
[Result "0-1"]
[WhiteElo "834"]
[BlackElo "881"]
[PlyCount "94"]
[EventDate "2018.??.??"]
[WhiteTeam "Frankfurter TV"]
[BlackTeam "Frankfurter TV"]

1. e4 e5 2. Nf3 Nc6 3. Bb5 Nf6 4. O-O Nxe4 5. Bxc6 dxc6 6. Nxe5 Bc5 7. Nxf7
Kxf7 8. Qf3+ Nf6 9. Nc3 Kg8 10. d3 Be7 11. Qg3 h6 12. Bf4 Bd6 13. Rfe1 Bxf4 14.
Qxf4 Kh7 15. Qd2 Nd5 16. Ne2 Nf6 17. c3 Ne4 18. Qc2 Nd6 19. Nf4 Qg5 20. g3 Bf5
21. Ne6 Bxe6 22. Rxe6 Qf5 23. Re7 Rac8 24. c4 c5 25. Qc3 Rhg8 26. Rd1 b5 27.
cxb5 Nxb5 28. Qa5 c6 29. a4 Nd6 30. Qxa7 Rcf8 31. f4 Nc8 32. Qc7 Nxe7 33. Qxe7
Re8 34. Qb7 Qf6 35. b3 Qd4+ 36. Kf1 Qb2 37. Rb1 Qxb1+ 38. Kg2 Qxd3 39. a5 Qd2+
40. Kh3 Re2 41. Qxc6 Qxa5 42. f5 Rb2 43. g4 g5 44. Qf3 Rb8 45. b4 R8xb4 46. f6
R4b3 47. Qxb3 Rxb3+ 0-1